[Event "Carlsen Inv Prelim"]
[Site "chess24.com INT"]
[Date "2020.04.19"]
[Round "1.3"]
[White "Caruana, F"]
[Black "Nepomniachtchi, I"]
[Result "1/2-1/2"]
[WhiteElo "2835"]
[BlackElo "2784"]
[EventDate "2020.04.18"]
[WhiteTitle "GM"]
[BlackTitle "GM"]
[WhiteFideId "2020009"]
[BlackFideId "4168119"]

1.e4 e6 2.d4 d5 3.Nc3 Bb4 4.exd5 exd5 5.Bd3 Nf6 6.a3 Bxc3+ 7.bxc3 O-O 8.
Ne2 Re8 9.O-O Ne4 10.Bf4 Bf5 11.f3 Nd6 12.Ng3 Bg6 13.Qd2 Nc6 14.Rfe1 Qd7 
15.Rxe8+ Rxe8 16.Re1 Na5 17.Rxe8+ Qxe8 18.Bxd6 cxd6 19.h4 h6 20.h5 Bh7 21.
Qf4 Qe6 22.Kf2 Nc4 23.Bxc4 dxc4 24.Ne4 Bxe4 25.fxe4 b5 26.g4 a5 27.Qf5 
Qxf5+ 28.gxf5 f6 29.Ke3 a4 30.d5 1/2-1/2

[Event "Carlsen Inv Prelim"]
[Site "chess24.com INT"]
[Date "2020.04.29"]
[Round "6.3"]
[White "Caruana, F"]
[Black "Vachier Lagrave, M"]
[Result "1-0"]
[WhiteElo "2835"]
[BlackElo "2778"]
[EventDate "2020.04.18"]
[WhiteTitle "GM"]
[BlackTitle "GM"]
[WhiteFideId "2020009"]
[BlackFideId "623539"]

1.d4 f5 2.g3 Nf6 3.Bg2 g6 4.Nf3 Bg7 5.O-O O-O 6.c4 d6 7.Nc3 c6 8.d5 e5 9.
dxe6 Bxe6 10.b3 Na6 11.Bb2 Qe7 12.e3 Nc5 13.Qe2 Rad8 14.Rad1 h6 15.Qc2 Bf7
16.Ne2 Nce4 17.Nd2 Nc5 18.Nf3 Rfe8 19.Ned4 Nce4 20.Nd2 d5 21.cxd5 Bxd5 22.
N2f3 Ng4 23.Rde1 c5 24.Nb5 Bxb2 25.Qxb2 a6 26.Nc3 Qg7 27.Rc1 Bc6 28.h3 
Ngf6 29.Nxe4 Nxe4 30.Qc2 b5 31.Rfd1 Kh7 32.Nd2 Rc8 33.Nxe4 Bxe4 34.Bxe4 
Rxe4 35.Rd6 c4 36.Rcd1 Re7 37.Rxa6 Rd7 38.Rxd7 Qxd7 39.bxc4 bxc4 40.Ra3 
Rc7 41.Rc3 Qd5 42.a4 h5 43.a5 Qxa5 44.Rxc4 Rxc4 45.Qxc4 Qa1+ 46.Kh2 Qa7 
47.Qf4 Qd7 48.Qe5 Qb7 49.Qd6 Qb2 50.Qe7+ Kh6 51.Kg2 Qb3 52.g4 hxg4 53.hxg4
fxg4 54.Qh4+ Kg7 55.Qxg4 Qd5+ 56.Kg3 Qc6 57.Qd4+ Kh7 58.e4 Qb7 59.e5 Qb3+ 
60.f3 Qb1 61.Kf4 Qf5+ 62.Ke3 Qg5+ 63.Kd3 Qf5+ 64.Qe4 Qe6 65.Ke3 Kg7 66.Kf4
Qf7+ 67.Kg3 Qb3 68.Qd4 Qe6 69.Qd6 Qf5 70.Qe7+ Kg8 71.Qd8+ Kg7 72.Qc7+ Kg8 
73.Qc4+ Kg7 74.Qf4 Qe6 75.Qd4 Kf7 76.f4 Qb3+ 77.Kh4 Qb7 78.Qd1 Kg7 79.Qa1 
Qe7+ 80.Kg3 Qe6 81.Qa7+ Kg8 82.Qb8+ Kf7 83.Qc7+ Kg8 84.Qd6 Qf5 85.e6 Qe4 
86.Kf2 Kg7 87.Qe7+ Kh6 88.Qd6 Kg7 89.Qc7+ Kh6 90.e7 Qd4+ 91.Ke2 Qe4+ 92.
Kd2 Qd4+ 93.Kc2 Qa4+ 94.Kc3 Qa3+ 95.Kd4 Qb4+ 96.Kd5 Qb5+ 97.Kd6 Qd3+ 98.
Kc6 Qe4+ 99.Kd7 Qd5+ 100.Qd6 Qb7+ 101.Ke6 Qc8+ 102.Kf7 Qf5+ 103.Qf6 1-0

[Event "Carlsen Inv Prelim"]
[Site "chess24.com INT"]
[Date "2020.04.28"]
[Round "6.2"]
[White "Giri, A"]
[Black "Firouzja, Alireza"]
[Result "1-0"]
[WhiteElo "2764"]
[BlackElo "2728"]
[EventDate "2020.04.18"]
[WhiteTitle "GM"]
[BlackTitle "GM"]
[WhiteFideId "24116068"]
[BlackFideId "12573981"]

1.e4 c6 2.d4 d5 3.e5 Bf5 4.Nf3 e6 5.Be2 Ne7 6.c3 h6 7.O-O Nd7 8.Nbd2 a5 9.
a4 g5 10.Ne1 Qc7 11.Bh5 c5 12.f4 cxd4 13.cxd4 Nc6 14.Ndf3 gxf4 15.Bxf4 Be7
16.Kh1 O-O-O 17.Bxf7 Rdf8 18.Bh5 Kb8 19.Rc1 Qb6 20.Qd2 Qb3 21.Bxh6 Rc8 22.
Ng1 Bb4 23.Qf4 Qxb2 24.Nef3 Nb6 25.h3 Nxa4 26.Bg4 Bxg4 27.hxg4 Rcf8 28.Qe3
Nxd4 29.Nxd4 Rxf1 30.Rxf1 Bd2 31.Rf8+ Rxf8 32.Qxd2 Rh8 33.Nh3 Qa1+ 34.Kh2 
Nc5 35.g5 Ne4 36.Qe3 Rg8 37.Nf4 a4 38.Nc6+ Kc7 39.Nd4 a3 40.Nb5+ Kc6 41.
Nxa3 Qxe5 42.Nc2 Kd7 43.Nd4 Re8 44.g3 Qc7 45.Qb3 Nd6 46.Nh5 Ra8 47.Nf6+ 
Kc8 48.Qe3 Ra2+ 49.Kh3 Qf7 50.Nxe6 Nf5 51.Qc5+ Kb8 52.Qxd5 Rf2 53.Nd7+ Kc8
54.Nb6+ Kb8 55.Qd8+ 1-0

[Event "Carlsen Inv Final 4"]
[Site "chess24.com INT"]
[Date "2020.05.02"]
[Round "1.1"]
[White "Carlsen, M"]
[Black "Ding Liren"]
[Result "1/2-1/2"]
[WhiteElo "2863"]
[BlackElo "2791"]
[EventDate "2020.05.01"]
[WhiteTitle "GM"]
[BlackTitle "GM"]
[WhiteFideId "1503014"]
[BlackFideId "8603677"]

1.d4 Nf6 2.Nf3 d5 3.Bf4 e6 4.Nbd2 Bd6 5.Bg5 Be7 6.e3 O-O 7.Bd3 b6 8.Qe2 
Bb7 9.Bxf6 Bxf6 10.h4 Nd7 11.Ng5 h6 12.f4 c5 13.c3 Be7 14.g4 Nf6 15.a3 Rc8
16.Qg2 Bd6 17.Ngf3 cxd4 18.cxd4 Ne4 19.g5 h5 20.Ne5 Nxd2 21.Qxd2 g6 22.Kf2
Kg7 23.Rac1 Qe7 24.Qe2 Rc7 25.Rxc7 Qxc7 26.Rd1 Rc8 27.Rd2 Qc1 28.Qd1 Qxd1 
29.Rxd1 Bxe5 30.fxe5 Kf8 31.Ke2 Ke7 32.Kd2 Rc7 33.b4 a6 34.a4 Rc8 35.Rf1 
Rd8 36.Rf6 Rg8 37.a5 b5 38.Rf1 Rc8 39.Rc1 Rxc1 40.Kxc1 Bc6 41.Kd2 Kd7 42.
Ke2 Ke7 43.Bxg6 fxg6 44.Kd2 Bd7 45.Ke1 Bc6 46.Kd2 Bd7 47.Ke1 Bc6 48.Kd2 
1/2-1/2

[Event "Carlsen Inv Final 4"]
[Site "chess24.com INT"]
[Date "2020.05.02"]
[Round "1.4"]
[White "Ding Liren"]
[Black "Carlsen, M"]
[Result "0-1"]
[WhiteElo "2791"]
[BlackElo "2863"]
[EventDate "2020.05.01"]
[WhiteTitle "GM"]
[BlackTitle "GM"]
[WhiteFideId "8603677"]
[BlackFideId "1503014"]

1.d4 d5 2.c4 c6 3.Nf3 Nf6 4.Nc3 e6 5.e3 Nbd7 6.Be2 Bd6 7.O-O O-O 8.b3 b6 
9.Bb2 Bb7 10.a4 a5 11.Bd3 Rc8 12.Qe2 c5 13.Nb5 Bb8 14.Ne5 Qe7 15.f4 dxc4 
16.bxc4 Ne4 17.Rad1 Rcd8 18.Ba3 Nxe5 19.fxe5 f5 20.Rb1 Qg5 21.Rb2 Rf7 22.
Qe1 Rfd7 23.Re2 h6 24.Bb2 Bc6 25.Bc2 Kh8 26.Rf3 Qg6 27.Rh3 Qg5 28.Rf3 Nc3 
29.d5 Nxe2+ 30.Qxe2 Bb7 31.Rg3 Qh4 32.d6 Be4 33.Bd1 Bc6 34.Rh3 Qg5 35.Rg3 
Qh4 36.Rh3 Qg5 37.Nc3 Rf8 38.Qf2 Qd8 39.Ne2 Kh7 40.Nf4 Bxd6 41.Nxe6 Qe8 
42.Nxf8+ Bxf8 43.Qxf5+ g6 44.Qf1 Bg7 45.Bc2 Rd2 0-1

[Event "Carlsen Inv Final 4"]
[Site "chess24.com INT"]
[Date "2020.05.02"]
[Round "1.3"]
[White "Carlsen, M"]
[Black "Ding Liren"]
[Result "1-0"]
[WhiteElo "2863"]
[BlackElo "2791"]
[EventDate "2020.05.01"]
[WhiteTitle "GM"]
[BlackTitle "GM"]
[WhiteFideId "1503014"]
[BlackFideId "8603677"]

1.d4 Nf6 2.Nf3 d5 3.Bf4 e6 4.Nbd2 c5 5.e3 Qb6 6.Rb1 Bd6 7.c3 cxd4 8.cxd4 
Bxf4 9.exf4 Nc6 10.Nb3 a5 11.a3 a4 12.Nc1 Bd7 13.Na2 Ne4 14.Nc3 Qc7 15.g3 
Nxc3 16.bxc3 Na5 17.Rc1 Nb3 18.Rc2 Qd6 19.Bd3 Qxa3 20.O-O f6 21.Re1 O-O 
22.Qb1 Qd6 23.Rce2 h6 24.f5 exf5 25.Nh4 Rae8 26.Nxf5 Bxf5 27.Rxe8 Nd2 28.
Rxf8+ Kxf8 29.Qxb7 Nf3+ 30.Kh1 Nxe1 31.Bxf5 Nf3 32.Bg6 Ng5 33.Qc8+ 1-0

[Event "Airthings Masters Prelim"]
[Site "chess24.com INT"]
[Date "2020.12.26"]
[Round "1.4"]
[White "Carlsen, M"]
[Black "Aronian, L"]
[Result "1/2-1/2"]
[WhiteElo "2862"]
[BlackElo "2781"]
[EventDate "2020.12.26"]
[WhiteTitle "GM"]
[BlackTitle "GM"]
[WhiteFideId "1503014"]
[BlackFideId "13300474"]

1.d4 Nf6 2.c4 e6 3.Nf3 d5 4.Nc3 Bb4 5.cxd5 exd5 6.Bf4 c6 7.e3 Bf5 8.Qb3 
Qb6 9.Nh4 Bg6 10.Nxg6 hxg6 11.h3 Nbd7 12.Bd3 c5 13.a3 Ba5 14.Qxb6 Bxb6 15.
dxc5 Nxc5 16.O-O-O O-O-O 17.Kb1 Ne6 18.Be5 Bc7 19.Bxc7 Kxc7 20.Bc2 g5 21.
Bb3 Kc6 22.Rc1 Kd6 23.Nb5+ Ke5 24.Nxa7 Ne4 25.Nb5 g4 26.Rc2 Rh5 27.f3 gxf3
28.gxf3 Ng3 29.Rd1 Nf5 30.Rc3 Ne7 31.Nc7 g5 32.Nxe6 fxe6 33.Rc7 Nf5 34.e4 
Nd4 35.Rxb7 Rxh3 36.exd5 exd5 37.Re7+ Kd6 38.Re3 Nxb3 39.Rxb3 Rf8 40.Rdd3 
Rf4 41.Kc2 Ke5 42.Rb5 Rd4 43.Rxd4 Kxd4 44.Rb3 Rh2+ 45.Kb1 Rh3 46.Ka2 Kc4 
47.Rc3+ Kb5 48.Kb3 d4 49.Rd3 Kc5 50.Kc2 Rg3 51.a4 Rg2+ 52.Rd2 Rg3 53.Rf2 
Kb4 54.b3 g4 55.fxg4 d3+ 56.Kd2 Rxg4 57.Kxd3 Rg3+ 58.Kc2 Rc3+ 59.Kb1 Rxb3+
60.Rb2 Rxb2+ 61.Kxb2 Kxa4 1/2-1/2

[Event "Airthings Masters Prelim"]
[Site "chess24.com INT"]
[Date "2020.12.28"]
[Round "11.4"]
[White "Aronian, L"]
[Black "Anton Guijarro, D"]
[Result "0-1"]
[WhiteElo "2781"]
[BlackElo "2675"]
[EventDate "2020.12.26"]
[WhiteTitle "GM"]
[BlackTitle "GM"]
[WhiteFideId "13300474"]
[BlackFideId "2285525"]

1.e4 c5 2.Nf3 Nc6 3.Bb5 e6 4.O-O Nge7 5.c3 a6 6.Be2 d5 7.exd5 Nxd5 8.d4 
Be7 9.dxc5 Bxc5 10.c4 Nf6 11.Qxd8+ Kxd8 12.a3 Ke7 13.b4 Nd4 14.Ra2 Nxe2+ 
15.Rxe2 Bd6 16.Nc3 Rd8 17.Be3 Bd7 18.Rd1 Bc7 19.Ne5 Bxe5 20.Bc5+ Ke8 21.
Rxe5 Ba4 22.Rc1 Bb3 23.Ne4 Nxe4 24.Rxe4 Rd3 25.Bb6 Rc8 26.c5 Bd5 27.Re3 
Rxe3 28.fxe3 f5 29.Kf2 Kd7 30.Rd1 Kc6 31.a4 g5 32.Rb1 Ra8 33.Rd1 h5 34.e4 
fxe4 35.Ke3 Rf8 36.h3 Rf7 37.Bd8 g4 38.hxg4 hxg4 39.Rb1 g3 40.Rb2 Rf1 41.
Bh4 Ra1 42.Bxg3 Ra3+ 43.Kf4 e5+ 44.Kg4 Be6+ 45.Kh4 e3 46.Bxe5 Bc4 47.g4 e2
48.Rb1 Rxa4 49.Bg3 Kb5 50.Be1 Ra3 51.Bg3 Rd3 52.Re1 Rd1 53.g5 Kxb4 54.g6 
Kxc5 55.g7 Rxe1 56.Bxe1 Kd4 57.Kg3 Kd3 58.Kf2 b6 59.Kf3 a5 60.Kf2 Bd5 0-1

[Event "Airthings Masters Prelim"]
[Site "chess24.com INT"]
[Date "2020.12.26"]
[Round "3.3"]
[White "Carlsen, M"]
[Black "Radjabov, T"]
[Result "1/2-1/2"]
[WhiteElo "2862"]
[BlackElo "2765"]
[EventDate "2020.12.26"]
[WhiteTitle "GM"]
[BlackTitle "GM"]
[WhiteFideId "1503014"]
[BlackFideId "13400924"]

1.d4 Nf6 2.c4 e6 3.Nf3 d5 4.Nc3 Be7 5.Bf4 O-O 6.e3 Nbd7 7.c5 Nh5 8.Be5 c6 
9.Bd3 g6 10.h4 Nxe5 11.dxe5 f5 12.b4 b6 13.Na4 bxc5 14.Nxc5 Qb6 15.Rb1 a5 
16.a3 axb4 17.axb4 Bxc5 18.bxc5 Qxc5 19.O-O Qe7 20.Ra1 Bd7 21.Qb3 Rab8 22.
Qc3 Qb4 23.Qxb4 Rxb4 24.Ra7 Rd8 25.Rc1 Rbb8 26.Nd4 Ra8 27.Rb7 Rab8 28.Ba6 
Rxb7 29.Bxb7 Kf7 30.Kf1 Rb8 31.Bxc6 Rc8 32.Ke2 Bxc6 33.Rxc6 Rxc6 34.Nxc6 
f4 35.Nd4 h6 36.Kf3 fxe3 37.Kxe3 g5 38.hxg5 hxg5 39.g3 g4 40.Kd3 Ng7 41.
Kc3 Nf5 42.Nxf5 exf5 43.Kd3 Ke7 44.Ke3 Kf7 45.Kd3 Ke7 46.Ke3 Kf7 47.Kd3 
1/2-1/2

[Event "Airthings Masters Prelim"]
[Site "chess24.com INT"]
[Date "2020.12.27"]
[Round "7.5"]
[White "Nepomniachtchi, I"]
[Black "Radjabov, T"]
[Result "1/2-1/2"]
[WhiteElo "2784"]
[BlackElo "2765"]
[EventDate "2020.12.26"]
[WhiteTitle "GM"]
[BlackTitle "GM"]
[WhiteFideId "4168119"]
[BlackFideId "13400924"]

1.e4 c5 2.Nf3 Nc6 3.Nc3 e5 4.Bc4 Be7 5.d3 d6 6.Nd2 Nf6 7.Nf1 Bg4 8.f3 Be6 
9.Ne3 O-O 10.O-O a6 11.a4 Nb4 12.Bd2 d5 13.exd5 Nbxd5 14.Nexd5 Nxd5 15.Qe2
Re8 16.Bxd5 Bxd5 17.Qxe5 Bc6 18.Ne4 Bf8 19.Qc3 Qd5 20.b3 f5 21.Ng3 g6 22.
Qb2 b5 23.axb5 axb5 24.Rxa8 Bxa8 25.Re1 Rxe1+ 26.Bxe1 Bc6 27.Bf2 c4 28.
bxc4 bxc4 29.d4 Qe6 30.c3 f4 31.Nf1 g5 32.Qb8 Qd6 33.Qc8 Qd7 34.Qa6 Bd5 
35.h3 Qe6 36.Qa5 Be7 37.Nd2 Kf7 38.Qc7 Qd6 39.Qc8 Qe6 40.Qc7 Qd6 41.Qa5 
Qe6 42.Qb5 h5 43.Qb1 Qg6 44.Qb8 Qd6 45.Qh8 Qg6 46.Ne4 Bxe4 47.fxe4 Qxe4 
48.Qxh5+ Ke6 49.Qe8 Qb1+ 50.Kh2 Qd3 51.Qg8+ Kd7 52.d5 Qe2 53.Bd4 f3 54.
Qe6+ Qxe6 55.dxe6+ Kxe6 56.gxf3 Kf5 57.Kg2 Bd6 58.Kf2 Bf4 59.Ke2 Bd6 60.
Kf2 Bf4 61.Bg7 Kg6 62.Bh8 Kf5 63.Ke2 Bh2 64.Bg7 Bf4 65.Bd4 Bd6 66.Bg7 Bf4 
67.Bh8 Bh2 68.Kf1 Bd6 69.Bd4 Bf4 70.Bf2 Be5 71.Be1 Bf6 72.Kf2 Bg7 73.Bd2 
Bf6 74.Ke2 Be5 75.Kf2 1/2-1/2

[Event "Airthings Masters Prelim"]
[Site "chess24.com INT"]
[Date "2020.12.28"]
[Round "11.6"]
[White "Radjabov, T"]
[Black "Harikrishna, P"]
[Result "1/2-1/2"]
[WhiteElo "2765"]
[BlackElo "2732"]
[EventDate "2020.12.26"]
[WhiteTitle "GM"]
[BlackTitle "GM"]
[WhiteFideId "13400924"]
[BlackFideId "5007003"]

1.d4 Nf6 2.c4 e6 3.Nf3 d5 4.Nc3 c6 5.Bg5 dxc4 6.a4 b5 7.axb5 cxb5 8.Nxb5 
Qb6 9.Nc3 Qxb2 10.Bd2 Nd5 11.Nxd5 exd5 12.Rb1 Qa2 13.e4 Bd6 14.Be2 O-O 15.
O-O dxe4 16.Ng5 Bf5 17.Rc1 Qb3 18.Bxc4 Qxd1 19.Rfxd1 Nd7 20.Bd5 Rae8 21.
Rc6 Be7 22.Bxe4 Nb8 23.Rc2 Bxg5 24.Bxf5 Bxd2 25.Rcxd2 g6 26.Bg4 Rd8 27.Ra2
Rfe8 28.h3 a6 29.Be2 Rd6 30.Rda1 Rxd4 31.Bxa6 Nxa6 32.Rxa6 Rde4 33.Ra8 
Rxa8 34.Rxa8+ Kg7 35.Ra7 h5 36.g3 Rb4 37.h4 Rb2 38.Kg2 Rc2 39.Kg1 Rc1+ 40.
Kg2 Rc2 41.Kg1 Rc1+ 42.Kg2 Rc2 1/2-1/2

[Event "Airthings Masters Prelim"]
[Site "chess24.com INT"]
[Date "2020.12.26"]
[Round "4.3"]
[White "So, W"]
[Black "Grischuk, A"]
[Result "1/2-1/2"]
[WhiteElo "2770"]
[BlackElo "2777"]
[EventDate "2020.12.26"]
[WhiteTitle "GM"]
[BlackTitle "GM"]
[WhiteFideId "5202213"]
[BlackFideId "4126025"]

1.e4 e5 2.Nf3 Nf6 3.Nxe5 d6 4.Nf3 Nxe4 5.d4 d5 6.Bd3 Bd6 7.O-O O-O 8.c4 c6
9.Nc3 Nxc3 10.bxc3 dxc4 11.Bxc4 Bf5 12.Bg5 Qa5 13.Nh4 Be6 14.Bxe6 Qxg5 15.
Nf3 Qa5 16.Bb3 Nd7 17.Qd3 Nf6 18.Rfe1 Rae8 19.g3 g6 20.h4 Kg7 21.Ng5 Qd8 
22.Kg2 h6 23.Ne4 Nxe4 24.Rxe4 Rxe4 25.Qxe4 Re8 26.Qf3 Qf6 27.Qxf6+ Kxf6 
28.Kf1 h5 29.Re1 Rxe1+ 30.Kxe1 c5 31.dxc5 Bxc5 32.a4 a5 33.Ke2 b6 34.Bc4 
Bd6 35.Bb5 Bc5 36.Bc4 Bd6 37.Bb5 Bc5 38.Bc4 1/2-1/2

[Event "Airthings Masters Prelim"]
[Site "chess24.com INT"]
[Date "2020.12.26"]
[Round "4.4"]
[White "Radjabov, T"]
[Black "Giri, A"]
[Result "1/2-1/2"]
[WhiteElo "2765"]
[BlackElo "2764"]
[EventDate "2020.12.26"]
[WhiteTitle "GM"]
[BlackTitle "GM"]
[WhiteFideId "13400924"]
[BlackFideId "24116068"]

1.d4 Nf6 2.c4 e6 3.Nf3 d5 4.Nc3 Bb4 5.Bg5 h6 6.Bxf6 Qxf6 7.Qa4+ Nc6 8.e3 
O-O 9.Be2 dxc4 10.O-O Bd7 11.Bxc4 Bxc3 12.bxc3 Rfd8 13.Qa3 Qe7 14.Qb2 Na5 
15.Be2 c5 16.Ne5 Be8 17.Rfd1 Rac8 18.h3 Rc7 19.Bf1 cxd4 20.cxd4 Rdc8 21.
Rac1 Rxc1 22.Rxc1 Rxc1 23.Qxc1 Nc6 24.Nd3 Qd6 25.Qc3 b6 26.Be2 Ne7 27.Ne5 
f6 28.Nd3 Kf8 29.Nf4 Bd7 30.Qc2 e5 31.dxe5 fxe5 32.Nd3 Bf5 33.Qc3 Nc6 34.
a3 Bg6 35.Nb4 Ne7 36.Nd3 Nc6 37.Nb4 Ne7 38.Nd3 Nc6 1/2-1/2

[Event "Airthings Masters Prelim"]
[Site "chess24.com INT"]
[Date "2020.12.26"]
[Round "3.2"]
[White "Anton Guijarro, D"]
[Black "Harikrishna, P"]
[Result "1/2-1/2"]
[WhiteElo "2675"]
[BlackElo "2732"]
[EventDate "2020.12.26"]
[WhiteTitle "GM"]
[BlackTitle "GM"]
[WhiteFideId "2285525"]
[BlackFideId "5007003"]

1.d4 d5 2.c4 c6 3.Nf3 Nf6 4.Nc3 e6 5.e3 Nbd7 6.Be2 Bd6 7.O-O O-O 8.Qc2 
dxc4 9.Bxc4 b5 10.Be2 a6 11.Ng5 h6 12.Nge4 Be7 13.a3 Bb7 14.b4 a5 15.Nxf6+
Nxf6 16.Rb1 axb4 17.axb4 Nd5 18.Nxd5 exd5 19.Bd2 Bd6 20.Ra1 Qe7 21.Qb2 
Rfe8 22.Bd3 Qf8 23.Rfe1 Rxa1 24.Rxa1 Ra8 25.Ra3 Qb8 26.h3 Rxa3 27.Qxa3 Bc8
28.e4 dxe4 29.Bxe4 Bd7 30.d5 cxd5 31.Bxd5 Qe8 32.Qf3 Be6 33.Qe4 h5 34.Bxe6
Qxe6 35.Qxe6 fxe6 36.g4 hxg4 37.hxg4 Kf7 38.Kg2 e5 39.Kf3 Ke6 40.Ke4 g6 
41.f3 Be7 42.Bc3 Bd6 43.Bd2 Be7 44.Bc3 Bd6 45.Bd2 1/2-1/2

[Event "Airthings Masters Prelim"]
[Site "chess24.com INT"]
[Date "2020.12.27"]
[Round "7.6"]
[White "Aronian, L"]
[Black "So, W"]
[Result "1/2-1/2"]
[WhiteElo "2781"]
[BlackElo "2770"]
[EventDate "2020.12.26"]
[WhiteTitle "GM"]
[BlackTitle "GM"]
[WhiteFideId "13300474"]
[BlackFideId "5202213"]

1.e4 e5 2.Nf3 Nc6 3.Bb5 Nf6 4.O-O Nxe4 5.Re1 Nd6 6.Nxe5 Be7 7.Bf1 Nxe5 8.
Rxe5 O-O 9.d4 Bf6 10.Re1 Re8 11.Bf4 Rxe1 12.Qxe1 Ne8 13.c3 d5 14.Bd3 g6 
15.Nd2 Ng7 16.Nf3 Bf5 17.Bxf5 Nxf5 18.Qe2 c6 19.Re1 Ng7 20.Be5 Bxe5 21.
Nxe5 Qd6 22.Qf3 f6 23.Ng4 Re8 24.Rxe8+ Nxe8 25.g3 h5 26.Qe2 Kf7 27.Ne3 Qe6
28.f3 Nd6 29.Kf2 Qh3 30.Kg1 Qe6 31.Kf2 Qh3 32.Kg1 Qe6 1/2-1/2

[Event "Airthings Masters Prelim"]
[Site "chess24.com INT"]
[Date "2020.12.27"]
[Round "8.5"]
[White "Anton Guijarro, D"]
[Black "Grischuk, A"]
[Result "1/2-1/2"]
[WhiteElo "2675"]
[BlackElo "2777"]
[EventDate "2020.12.26"]
[WhiteTitle "GM"]
[BlackTitle "GM"]
[WhiteFideId "2285525"]
[BlackFideId "4126025"]

1.e4 e5 2.Nf3 Nc6 3.Bb5 a6 4.Ba4 Nf6 5.O-O Bc5 6.c3 b5 7.Bb3 d6 8.d4 Bb6 
9.a4 Rb8 10.a5 Ba7 11.h3 Bb7 12.Be3 Nxe4 13.d5 Bxe3 14.dxc6 Nxf2 15.Qd5 
O-O 16.cxb7 Ne4+ 17.Kh2 Bf4+ 18.Kg1 Be3+ 19.Kh2 Bf4+ 20.Kg1 Be3+ 1/2-1/2

[Event "Airthings Masters Prelim"]
[Site "chess24.com INT"]
[Date "2020.12.26"]
[Round "4.5"]
[White "Harikrishna, P"]
[Black "Carlsen, M"]
[Result "1/2-1/2"]
[WhiteElo "2732"]
[BlackElo "2862"]
[EventDate "2020.12.26"]
[WhiteTitle "GM"]
[BlackTitle "GM"]
[WhiteFideId "5007003"]
[BlackFideId "1503014"]

1.e4 c5 2.Nf3 Nc6 3.d4 cxd4 4.Nxd4 Nf6 5.Nc3 e5 6.Ndb5 d6 7.Bg5 a6 8.Na3 
b5 9.Nd5 Be7 10.Bxf6 Bxf6 11.c4 b4 12.Nc2 a5 13.g3 g6 14.Nxf6+ Qxf6 15.Bg2
O-O 16.O-O Qe7 17.b3 Be6 18.Qd2 f6 19.Rfd1 Rfd8 20.Qe3 Qa7 21.Qh6 Qg7 22.
Qe3 Qa7 23.Qh6 Qg7 24.Qe3 Qa7 1/2-1/2

[Event "Airthings Masters Prelim"]
[Site "chess24.com INT"]
[Date "2020.12.27"]
[Round "8.3"]
[White "Harikrishna, P"]
[Black "Nepomniachtchi, I"]
[Result "1/2-1/2"]
[WhiteElo "2732"]
[BlackElo "2784"]
[EventDate "2020.12.26"]
[WhiteTitle "GM"]
[BlackTitle "GM"]
[WhiteFideId "5007003"]
[BlackFideId "4168119"]

1.e4 c5 2.Nf3 d6 3.d4 cxd4 4.Qxd4 Nf6 5.Be2 Nc6 6.Qe3 g6 7.O-O Bg7 8.Rd1 
O-O 9.h3 Be6 10.Nc3 Rc8 11.a3 Qa5 12.Bd2 Nd7 13.Rab1 Qc5 14.Qf4 Nd4 15.
Nxd4 Bxd4 16.Qh4 Bf6 17.Qg3 Nb6 18.Be3 Qe5 19.Qxe5 Bxe5 20.Bd4 Bxd4 21.
Rxd4 Rc5 22.Bd3 Rfc8 23.Na4 Nxa4 24.Rxa4 a6 25.c3 a5 26.h4 R8c6 27.Bf1 Rb6
28.b4 Bd7 29.b5 Bxb5 30.Rd4 Bxf1 31.Rxb6 Ba6 32.Rb3 Rc7 33.a4 Bc4 34.Rb6 
Ba6 35.Rb3 Bc4 36.Rb6 Ba6 37.Rb3 1/2-1/2

[Event "Airthings Masters Prelim"]
[Site "chess24.com INT"]
[Date "2020.12.27"]
[Round "5.6"]
[White "Nepomniachtchi, I"]
[Black "Aronian, L"]
[Result "1/2-1/2"]
[WhiteElo "2784"]
[BlackElo "2781"]
[EventDate "2020.12.26"]
[WhiteTitle "GM"]
[BlackTitle "GM"]
[WhiteFideId "4168119"]
[BlackFideId "13300474"]

1.e4 e5 2.Nf3 Nc6 3.d4 exd4 4.Nxd4 Nf6 5.Nxc6 bxc6 6.e5 Qe7 7.Qe2 Nd5 8.h4
d6 9.c4 Nb6 10.exd6 cxd6 11.Nc3 Be6 12.b3 d5 13.cxd5 Nxd5 14.Bb2 Qb4 15.
Qc4 Qxc4 16.Bxc4 Bb4 17.Bxd5 Bxd5 18.O-O-O Bxc3 19.Bxc3 f6 20.Rd4 Kf7 21.
f3 Rhe8 22.Re1 h5 23.Ra4 a6 24.Kd2 Red8 25.Ke3 Be6 26.Rc1 Rd5 27.Bd4 Rad8 
28.Rc5 Rxc5 29.Bxc5 Rd5 30.Bd4 c5 31.Bb2 Rd6 32.Ba3 Rc6 33.Kd3 Bd7 34.Ra5 
Rd6+ 35.Kc3 Bb5 36.Bxc5 Rd5 37.Bd4 Ke6 38.b4 g5 39.a4 Bf1 40.Rxd5 Kxd5 41.
g4 hxg4 42.h5 Ke6 43.fxg4 Be2 44.h6 Kf7 45.h7 Kg7 46.Bxf6+ Kxh7 47.Bxg5 
Bxg4 48.b5 axb5 49.axb5 Bf3 50.b6 Kg6 51.b7 Bxb7 1/2-1/2

[Event "Airthings Masters Prelim"]
[Site "chess24.com INT"]
[Date "2020.12.26"]
[Round "1.5"]
[White "Giri, A"]
[Black "Nepomniachtchi, I"]
[Result "1/2-1/2"]
[WhiteElo "2764"]
[BlackElo "2784"]
[EventDate "2020.12.26"]
[WhiteTitle "GM"]
[BlackTitle "GM"]
[WhiteFideId "24116068"]
[BlackFideId "4168119"]

1.d4 Nf6 2.c4 g6 3.Nc3 d5 4.Nf3 Bg7 5.h4 c6 6.cxd5 cxd5 7.Bf4 Nc6 8.e3 O-O
9.Qb3 a6 10.Rc1 Re8 11.Be2 Bg4 12.Qxb7 Bxf3 13.Bxf3 e5 14.dxe5 Nxe5 15.
Bxe5 Rxe5 16.O-O Re7 17.Qb3 Rb8 18.Nxd5 Rxb3 19.Rc8 Re8 20.Rxd8 Rxd8 21.
Nxf6+ Bxf6 22.axb3 Bxh4 23.Ra1 Rd6 24.g3 Bf6 25.Ra2 h5 26.Be2 h4 27.gxh4 
Rd2 28.Kf1 Bxh4 29.Ra4 g5 30.f4 Rxb2 31.fxg5 Bxg5 32.Rg4 f6 33.Bxa6 Kf8 
34.e4 Rxb3 35.e5 Rf3+ 36.Kg2 Rf4 37.Rxf4 Bxf4 38.exf6 Be5 39.Kf3 Bxf6 40.
Ke4 Bh8 41.Kf5 Kg7 42.Bc4 1/2-1/2

[Event "Airthings Masters Prelim"]
[Site "chess24.com INT"]
[Date "2020.12.27"]
[Round "6.4"]
[White "Harikrishna, P"]
[Black "Grischuk, A"]
[Result "1/2-1/2"]
[WhiteElo "2732"]
[BlackElo "2777"]
[EventDate "2020.12.26"]
[WhiteTitle "GM"]
[BlackTitle "GM"]
[WhiteFideId "5007003"]
[BlackFideId "4126025"]

1.e4 c5 2.Nf3 d6 3.d4 cxd4 4.Qxd4 Nf6 5.Be2 Nc6 6.Qe3 g6 7.O-O Bg7 8.Rd1 
O-O 9.h3 Nd7 10.Nc3 b6 11.Rb1 Bb7 12.Nd5 a6 13.c4 Re8 14.b3 e6 15.Nc3 Qb8 
16.Ba3 Bf8 17.Qd2 Nc5 18.Bf1 Rd8 19.Qe3 Nd7 20.Rbc1 Nce5 21.Nxe5 dxe5 22.
Bxf8 Kxf8 23.Rd2 Qc7 24.Rcd1 Nc5 25.b4 Rxd2 26.Rxd2 Nd7 27.Qd3 Ke7 28.Qg3 
Nf6 29.Qg5 Rh8 30.a3 h6 31.Qe3 g5 32.f3 Rb8 33.Kf2 Nd7 34.Na4 Bc6 35.b5 
axb5 36.cxb5 Ba8 37.Qb3 Nf6 38.Rc2 Qd6 39.Qb4 Qxb4 40.axb4 Ne8 41.Bd3 Kd7 
42.Rc1 Nd6 43.Nb2 Bb7 44.Ra1 Ra8 45.Rxa8 Bxa8 46.g4 Bb7 47.Nc4 Nxc4 48.
Bxc4 Ke7 49.Bd3 Bc8 50.Ke3 Kf6 51.Kf2 Kg6 52.Kg3 h5 53.Kf2 Bd7 54.Kg3 Bc8 
55.Kf2 Bd7 56.Kg3 Bc8 1/2-1/2

[Event "Airthings Masters Prelim"]
[Site "chess24.com INT"]
[Date "2020.12.27"]
[Round "8.6"]
[White "Carlsen, M"]
[Black "Giri, A"]
[Result "1/2-1/2"]
[WhiteElo "2862"]
[BlackElo "2764"]
[EventDate "2020.12.26"]
[WhiteTitle "GM"]
[BlackTitle "GM"]
[WhiteFideId "1503014"]
[BlackFideId "24116068"]

1.d4 Nf6 2.c4 g6 3.Nc3 d5 4.Nf3 Bg7 5.e3 O-O 6.cxd5 Nxd5 7.Bc4 Nb6 8.Bb3 
c5 9.O-O Bg4 10.dxc5 N6d7 11.h3 Bxf3 12.Qxf3 Nxc5 13.Rd1 Qc8 14.Nd5 Nc6 
15.e4 Nxb3 16.Qxb3 e6 17.Nc3 a6 18.Be3 b5 19.Rac1 Qb7 20.a4 b4 21.Ne2 Rfd8
22.Rxd8+ Rxd8 23.Qc2 Nd4 24.Nxd4 Bxd4 25.Rd1 Rc8 26.Qd2 Bf6 27.f3 b3 28.
Bd4 Bxd4+ 29.Qxd4 Qc6 30.a5 Qc5 31.Qxc5 Rxc5 32.Rd3 Rxa5 33.Rxb3 Rc5 34.
Rb8+ Kg7 35.b4 Rc2 36.b5 Rb2 37.b6 a5 38.Ra8 Rxb6 39.Rxa5 Rb1+ 40.Kh2 Rb2 
41.Kg3 Re2 42.h4 h5 1/2-1/2